000 01890cam a22004694i 4500
003 PE-LiUPU
005 20250731173304.0
008 150616s1982 sp a r 000 0 spa d
020 _a8470573101
035 _a(Sirsi) i9788470573101
040 _aPE-LiUPU
_bspa
_cPE-LiUPU
_erda
049 _aPRUA
082 0 4 _a270
_bL84
_221
100 1 _aLortz, Joseph,
_eautor.
245 1 0 _aHistoria de la iglesia: en la perspectiva de la historia del pensamiento moderno II: Edad moderna y contemporanea.
264 1 _aMadrid :
_bEdiciones Cristiandad,
_c1982.
300 _a732 páginas :
_bilustraciones ;
_c24 centímetros
336 _atext
_2rdacontent
337 _aunmediated
_2rdamedia
338 _avolume
_2rdacarrier
504 _aNotas Bibliograficas.
505 0 _aEdad moderna: La iglesia frente a una cultura Autónoma. Primera epoca : Fidelidad a la revelación. Desde 1450 hasta la Ilustración. Los fundamentos: Renacimiento y Humanismo -- Hostilidad a la revelación. De la ilustración al mundo actual -- Las iglesias orientales -- Edad contemporanea: cambios y perspectivas.
526 _aSEG42
526 _aSEG41
526 _aSEG40
526 _aSEG39
526 _aP94
526 _aP87
526 _aP86
526 _aP85
526 _aP77
526 _aP76
526 _aP35
650 0 4 _aIglesia - Historia.
910 _ajck
_bjvq
_cjck
942 _2ddc
_cBOOK
949 _a270 L84
_wDEWEY
_c1
_i21909
_d2016-11-30
_e2016-11-25
_lCCODEBUL1
_mBUL
_n5
_r0
_sY
_tBOOK
_u2015-6-16
_xTEOLOGIA
_zUNKNOWN
_0COMPRA
_o.STAFF. Colección General
994 _aC0
_bPEPRU
596 _a1
999 _a270 L84
_wDEWEY
_c44434
_i21909
_d44434
_e2016-11-25
_f2021-11-12
_g6
_lCCODEBUL1
_mBUL
_n5
_p13.00
_q19
_r0
_sY
_tBOOK
_u2015-6-16
_xTEOLOGIA
_zUNKNOWN
_0COMPRA
_o.STAFF. Colección Teología
980 _81
_gALBERTO SANCHEZ Responsable de Automatización